| 000 | 00480cam a2200181ua 4500 | ||
|---|---|---|---|
| 020 | _c5.00 | ||
| 041 |
_amal _h |
||
| 082 |
_a921.94812 _bBHA/AR |
||
| 100 | _aBhagirathy Amma, Thampuran . | ||
| 245 |
_aA R Rajaraja Varma, Part 2 / _cBhagirathy Amma Thampuran. _hTextual Documents |
||
| 260 |
_a : _bM Bhagirathy Amma Thampuran , _c1961. |
||
| 300 | _a459 ; . | ||
| 365 | _a5.00 | ||
| 504 | _a | ||
| 700 | 1 | _aRaghavan Varma, Raja. | |
| 942 | _cBK | ||
| 999 |
_c4472 _d4472 |
||